000
00217nam a22000857a 4500
008
170228b xxu||||| |||| 00| 0 eng d
100
_9
2952
_a
Kumar.A.
245
_a
Geography Mat Work Book-IX
260
_a
New Delhi
_b
GBC
_c
2009
999
_c
6196
_d
6196